00546nam a2200169Ia 450000500170000000800410001702000150005808200130007310000140008624500280010026000480012830000130017650000680018994200060025795200980026399900150036120250704034705.0240331s9999 xx 000 0 und d a9551188586 bKURa891 aKuruppu,R 0aYudhaye Athuru Kathawak aColombobFast Publishing ( Private) Limited a271 p ., aTranslation of A strange story of War - The Nazi Officer's Wife cL 001040708LaWERCLbWERCLcSSCd2024-03-31l0o 891.48 KURp6782r2024-03-31w2024-03-31yL c5786d5786